00498nam a2200145Ia 4500003000900000008004100009020001800050040001600068080002100084100003600105245008000141260006200221300002300283650004600306IN-BaIIA211028s9999 xx 000 0 eng d a0-11-887320-2 cIIA Library a059:52bAAL-2003 aU.S. Government Printing Office 4aThe Astronomical almanac for the Year 2003cU.S. Government Printing Office aWashington, D. C.bU. S. Government Printing Officec2001 a[various pagings.] aAlmanac,Ephemeries, Astronomical alamanac